| 000 | 00621nam a2200205Ia 4500 | ||
|---|---|---|---|
| 005 | 20250508161618.0 | ||
| 008 | 008 250505s9999 xx 000 0 eng d | ||
| 020 | _a0-85092-09-0 | ||
| 037 | _aTextual | ||
| 040 |
_aFEDL _beng _cFEDL |
||
| 041 |
_aeng _2eng |
||
| 084 |
_a371, COM _qFEDL |
||
| 245 | 0 | _aEducation in the developing countries of the commonwealth : Research register 1971-73 | |
| 245 | 0 | _cEducation in the Commonwealth No. 11 | |
| 260 |
_aLondon, UK _bCommonwealth Secretariat _c1975 |
||
| 300 | _av,95p. | ||
| 650 | _aTeaching | ||
| 942 |
_cTEXL _h371, COM |
||
| 999 |
_c1371120 _d1371120 |
||